| 000 | 00515cam a22002054a 4500 | ||
|---|---|---|---|
| 005 | 20250605164255.0 | ||
| 008 | 250528s ||||||||||||||||||||||||d | ||
| 035 | _a21908 | ||
| 020 | _a9780194312424 | ||
| 040 |
_aGR-AtMCL _bgre _dGR-AtMCL _eAACR2 |
||
| 245 | 1 | _aOXFORD ENGLISH-GREEK LEARNER'S DICTIONARY | |
| 250 | _a2 | ||
| 260 |
_bOxford University Press, _c1998 |
||
| 300 | _a882 | ||
| 700 | 1 |
_aHornby A.S _92864 |
|
| 700 | 1 |
_aStavropoulos D.N _92865 |
|
| 942 | _cBK | ||
| 999 |
_c6965 _d6965 |
||